02311 a2200241 45000010006000000050017000060080041000230030015000640400040000790800067001192450069001860200018002552640044002733000019003175051420003360410008017569420007017645900036017711000034018078560099018419990015019409520114019555712220260407155833.0260407a1994 arg spa dAR-UNSa-BCEJYS aAR-UNSa-BCEJYSbspacAR-UNSa-BCEJYS a339.72.053.1xDeuda exterior. Déficit de la balanza de pagos10aDeuda externapanálisis jurídico, los préstamos sindicados a950-14-0748-9 1aBuenos Aires :bEdiciones Depalmac1994 a183 p.c23 cm. aPrimera parte. La problemática de la deuda externa y de los préstamos sindicados: 1. Mercado internacional de capitales – 2. Origen de los préstamos sindicados – 3. Crisis de la deuda externa – 4. Reacomodamiento del mercado internacional de capitales ante la crisis de la deuda externa – 5. Planes de refinanciación – 6. El Uruguay y la crisis de la deuda – Segunda Parte. Delimitación del análisis jurídico de la deuda externa por préstamos sindicados a un estado soberano. Cuestiones previas: 7. Definiciones – 8. Conceptualización del sustrato factico y la realidad jurídica de los préstamos sindicados – Tercera Parte. Hacia una teoría general del derecho aplicable a la contratación internacional. Referencia a los préstamos sindicados: 9. Estudios de los diversos ordenes jurídicos – 10. La autonomía de la voluntad y el derecho aplicable a los préstamos sindicados – 11. Conclusión sobre el derecho aplicable a la realización jurídica de los préstamos sindicados – Cuarta Parte. Los sujetos intervinientes en el préstamo sindicado: 12. El sindicato de bancos – 13. El estado como parte contractual – Quinta Parte. El perfeccionamiento del contrato: 14. Formación de la voluntad de estado para obligarse en contratos que se rigen por el derecho privado – 15. Particular referencia al derecho Uruguayo – 16.Conclusion del contrato. aspa cBK aniveau_biblio:m niveau_hierar:01 aLópez Goldaracena, Oscar A.41uhttps://www.biblioeco.unsa.edu.ar/pmb/images/libros/L128699.jpgyImagen de portadaqimage/jpeg c6122d6122 00104070aBCEJYSbBCEJYSc16d2026-04-07l0o339.72.053.1 L864pL128699r2026-04-07 15:58:34w2026-04-07yL